Cancer genomics and proteomics : (Record no. 51227)

MARC details
000 -LEADER
fixed length control field 00742nam a2200253Ia 4500
005 - DATE AND TIME OF LATEST TRANSACTION
control field 20260429111855.0
008 - FIXED-LENGTH DATA ELEMENTS--GENERAL INFORMATION
fixed length control field 260429s9999||||xx |||||||||||||| ||und||
020 ## - INTERNATIONAL STANDARD BOOK NUMBER
International Standard Book Number 9781588295040
041 ## - LANGUAGE CODE
Language English
082 ## - DEWEY DECIMAL CLASSIFICATION NUMBER
Classification number 616.994
Item number FIS
100 ## - MAIN ENTRY--PERSONAL NAME
Personal name Fisher, Paul B.
245 #0 - TITLE STATEMENT
Title Cancer genomics and proteomics :
Remainder of title methods and protocols /
Statement of responsibility, etc Paul B. Fisher
260 ## - PUBLICATION, DISTRIBUTION, ETC. (IMPRINT)
Place of publication, distribution, etc New Jersey :
Name of publisher, distributor, etc Humana press,
Date of publication, distribution, etc 2007.
300 ## - PHYSICAL DESCRIPTION
Extent xvi, 358 p.;hb
440 ## - SERIES STATEMENT/ADDED ENTRY--TITLE
Title 383 Methods in Molecular Biology
650 ## - SUBJECT ADDED ENTRY--TOPICAL TERM
Topical term or geographic name as entry element Biomedical research methods
650 ## - SUBJECT ADDED ENTRY--TOPICAL TERM
Topical term or geographic name as entry element Cancer genetics
650 ## - SUBJECT ADDED ENTRY--TOPICAL TERM
Topical term or geographic name as entry element Genomic analysis
650 ## - SUBJECT ADDED ENTRY--TOPICAL TERM
Topical term or geographic name as entry element Molecular oncology
650 ## - SUBJECT ADDED ENTRY--TOPICAL TERM
Topical term or geographic name as entry element Proteomic techniques
650 ## - SUBJECT ADDED ENTRY--TOPICAL TERM
Topical term or geographic name as entry element Proteomics
650 ## - SUBJECT ADDED ENTRY--TOPICAL TERM
Topical term or geographic name as entry element Cancer genomics
942 ## - ADDED ENTRY ELEMENTS (KOHA)
Koha item type Text Books
Holdings
Withdrawn status Lost status Damaged status Not for loan Collection code Home library Location Shelving location Date of Cataloging Source of acquisition Total Checkouts Full call number Barcode Date last seen Price effective from Koha item type
        Non-fiction CUTN Central Library CUTN Central Library Medicine, Technology & Management 29/04/2026 Kiran Book Centre, Bengaluru - Invoice No. 302/25-26 on 11-02-2026   616.994 FIS 56085 29/04/2026 29/04/2026 Text Books